Digital systems, with algorithm implementation /
Guardado en:
| Autor Principal: | |
|---|---|
| Otros Autores: | , |
| Formato: | Libro |
| Idioma: | English |
| Publicado: |
Chichester [West Sussex] ; New York :
Wiley,
c1983.
|
| Materias: | |
| Etiquetas: |
Agregar Etiqueta
Sin Etiquetas, Sea el primero en etiquetar este registro!
|
| LEADER | 01016pam a22002895a 4500 | ||
|---|---|---|---|
| 001 | EIQ.libpla001228 | ||
| 008 | 820302s1983####enka#####b####001#0#eng#d | ||
| 005 | 20060823171505.0 | ||
| 245 | 1 | 0 | |a Digital systems, with algorithm implementation / |c M. Davio, J.-P. Deschamps, and A. Thayse. |
| 260 | |a Chichester [West Sussex] ; |a New York : |b Wiley, |c c1983. | ||
| 300 | |a xvii, 505 p. : |b il. ; |c 24 cm. | ||
| 500 | |a "A Wiley-Interscience publication." | ||
| 504 | |a Bibliografía: p. 490-497. | ||
| 500 | |a Incluye índice. | ||
| 020 | |a 0471104132 | ||
| 020 | |a 0471104140 (pbk.) | ||
| 100 | 1 | |a Davio, M. |q (Marc) | |
| 700 | 1 | |a Deschamps, J-P. |q (Jean-Pierre), |d 1945- | |
| 700 | 1 | |a Thayse, A. |q (André), |d 1940- | |
| 082 | 0 | 0 | |a 621.3819/535 |2 19 |
| 650 | 4 | |a Computadores |x Circuitos. | |
| 650 | 4 | |a Sistemas digitales |x Algoritmos. | |
| 650 | 0 | |a Computers |x Circuits. | |
| 650 | 4 | |a Digital systems |x Algorithms. | |
| 010 | |a 82002710 | ||
| 040 | |a DLC |c DLC |d AR-BbSID | ||
| 859 | |a AR-BbSID |b BIB. PLAPIQUI |h 621.381 9 |i D 27 |p 2771 | ||
